Tsafnat paʻneaḥ; (Record no. 33350)
[ view plain ]
| 000 -LEADER | |
|---|---|
| fixed length control field | 01297cam a2200289 4500 |
| 001 - CONTROL NUMBER | |
| control field | he 68001601 |
| 003 - CONTROL NUMBER IDENTIFIER | |
| control field | DLC |
| 005 - DATE AND TIME OF LATEST TRANSACTION | |
| control field | 20260227111459.0 |
| 008 - FIXED-LENGTH DATA ELEMENTS--GENERAL INFORMATION | |
| fixed length control field | 870219m19679999nyu b 000 0 hebr |
| 010 ## - LIBRARY OF CONGRESS CONTROL NUMBER | |
| LC control number | he 68001601 |
| 040 ## - CATALOGING SOURCE | |
| Original cataloging agency | DLC |
| Transcribing agency | DLC |
| Modifying agency | DLC |
| 050 00 - LIBRARY OF CONGRESS CALL NUMBER | |
| Classification number | BM503.6 |
| Item number | .R62 1967 |
| 100 1# - MAIN ENTRY--PERSONAL NAME | |
| Personal name | Rosen, Joseph, |
| Dates associated with a name | 1858-1936. |
| 240 10 - UNIFORM TITLE | |
| Uniform title | Works. |
| Form subheading | Selections. |
| Date of a work | 1967 |
| 245 10 - TITLE STATEMENT | |
| Title | Tsafnat paʻneaḥ; |
| Remainder of title | kelale ha-Torah ṿeha-mitsṿot, |
| Statement of responsibility, etc. | me-et Yosef Rozin, ba-ʻarikhat Menaḥem M. Kasher. |
| 260 ## - PUBLICATION, DISTRIBUTION, ETC. | |
| Place of publication, distribution, etc. | Nyu-Yorḳ, |
| Name of publisher, distributor, etc. | Mekhon "Tsafnat paʻneaḥ" 727-<5746 > |
| Date of publication, distribution, etc. | [1967-<1985 > |
| 300 ## - PHYSICAL DESCRIPTION | |
| Extent | v. <1-3 > |
| Dimensions | 25 cm. |
| 500 ## - GENERAL NOTE | |
| General note | Added t.p.: Zaphnath paneah; Revealer of the hidden ... Abstracts of Talmudic principles culled from the writings of Joseph Rosen. Arranged in alphabetical order with notes and references by the collegium of the Zaphnath Paneah Institut ... |
| 500 ## - GENERAL NOTE | |
| General note | Vol. 2 published in Jerusalem. |
| 500 ## - GENERAL NOTE | |
| General note | Vol. 3 published in Elizabeth, N.J., under the editorship of Pinchas M. Teitz. |
| 504 ## - BIBLIOGRAPHY, ETC. NOTE | |
| Bibliography, etc. note | Includes bibliographical references. |
| 630 00 - SUBJECT ADDED ENTRY--UNIFORM TITLE | |
| Uniform title | Talmud |
| General subdivision | Hermeneutics. |
| 650 #0 - SUBJECT ADDED ENTRY--TOPICAL TERM | |
| Topical term or geographic name entry element | Jewish law |
| General subdivision | Interpretation and construction. |
| 700 1# - ADDED ENTRY--PERSONAL NAME | |
| Personal name | Kasher, Menahem, |
| Dates associated with a name | 1895-1983. |
| 700 1# - ADDED ENTRY--PERSONAL NAME | |
| Personal name | Teitz, Pinchas M. |
| Fuller form of name | (Pinchas Mordecai), |
| Dates associated with a name | 1908- |
| 740 0# - ADDED ENTRY--UNCONTROLLED RELATED/ANALYTICAL TITLE | |
| Uncontrolled related/analytical title | Zaphnath paneah. |
No items available.